Statistics for Alliance of Small Island States (AOSIS) Member States

Click here to take the quiz!

General Stats

  • This quiz has been taken 40 times
    (22 since last reset)
  • The average score is 30 of 39

Answer Stats

OceanState% Correct
PacificPalau
95%
AtlanticCape Verde
95%
IndianSeychelles
95%
AtlanticAntigua and Barbuda
90%
IndianMauritius
90%
PacificTuvalu
90%
PacificSolomon Islands
90%
PacificSamoa
90%
PacificFederated States of Micronesia
90%
PacificKiribati
90%
PacificVanuatu
90%
AtlanticBarbados
90%
AtlanticHaiti
86%
IndianMaldives
86%
AtlanticDominica
86%
PacificNauru
86%
AtlanticDominican Republic
86%
AtlanticGrenada
86%
PacificFiji
86%
AtlanticBahamas
86%
AtlanticSão Tomé and Príncipe
86%
AtlanticSaint Kitts and Nevis
86%
AtlanticSaint Lucia
86%
AtlanticTrinidad and Tobago
86%
AtlanticSaint Vincent and the Grenadines
86%
IndianComoros
86%
AtlanticCuba
81%
PacificMarshall Islands
81%
PacificTonga
81%
AtlanticJamaica
76%
PacificPapua New Guinea
71%
PacificEast Timor
67%
PacificSingapore
62%
PacificNiue
33%
PacificCook Islands
24%
AtlanticGuyana
24%
AtlanticSuriname
19%
AtlanticGuinea-Bissau
19%
AtlanticBelize
19%

Score Distribution

Percentile by Number Answered

Percent of People with Each Score

Your Score History

You have not taken this quiz since the last reset